<?xml version='1.0' encoding='UTF-8'?>
  <record xmlns="http://www.loc.gov/MARC21/slim">
    <leader>00000cam a22000007i 4500</leader>
    <controlfield tag="001">ocm65396745</controlfield>
    <controlfield tag="003">OCoLC</controlfield>
    <controlfield tag="005">20241003182541.8</controlfield>
    <controlfield tag="008">900612s1677    ne            000 0 lat d</controlfield>
    <datafield tag="040" ind1=" " ind2=" ">
      <subfield code="a">NLGGC</subfield>
      <subfield code="b">dut</subfield>
      <subfield code="e">fobidrtb</subfield>
      <subfield code="c">NLGGC</subfield>
      <subfield code="d">OCLCO</subfield>
      <subfield code="d">OCLCL</subfield>
      <subfield code="d">OCLCQ</subfield>
    </datafield>
    <datafield tag="029" ind1="0" ind2=" ">
      <subfield code="a">NLGGC</subfield>
      <subfield code="b">062779478</subfield>
    </datafield>
    <datafield tag="035" ind1=" " ind2=" ">
      <subfield code="a">(OCoLC)65396745</subfield>
    </datafield>
    <datafield tag="100" ind1="1" ind2=" ">
      <subfield code="a">Burman, Franciscus,</subfield>
      <subfield code="d">1628-1679.</subfield>
      <subfield code="1">https://id.oclc.org/worldcat/entity/E39PBJB8pgjWHhBf8Xt8rF3CwC</subfield>
    </datafield>
    <datafield tag="245" ind1="1" ind2="0">
      <subfield code="a">Francisci Burmanni Narratio de controversiis nuperius in Academia Ultrajectina motis et depulsio eorum, quae contra objecta fuerunt :</subfield>
      <subfield code="b">in quibus praecipue de natura mentis humanae et congenitae vitiositatis in infantibus agitur.</subfield>
    </datafield>
    <datafield tag="260" ind1=" " ind2=" ">
      <subfield code="a">Ultrajecti :</subfield>
      <subfield code="b">ex officina Meinardi a Dreunen,</subfield>
      <subfield code="c">1677.</subfield>
    </datafield>
    <datafield tag="300" ind1=" " ind2=" ">
      <subfield code="a">127 p. ;</subfield>
      <subfield code="c">20 cm (4-o)</subfield>
    </datafield>
    <datafield tag="336" ind1=" " ind2=" ">
      <subfield code="a">tekst</subfield>
      <subfield code="b">txt</subfield>
      <subfield code="2">rdacontent/dut</subfield>
    </datafield>
    <datafield tag="337" ind1=" " ind2=" ">
      <subfield code="a">zonder medium</subfield>
      <subfield code="b">n</subfield>
      <subfield code="2">rdamedia/dut</subfield>
    </datafield>
    <datafield tag="338" ind1=" " ind2=" ">
      <subfield code="a">band</subfield>
      <subfield code="b">nc</subfield>
      <subfield code="2">rdacarrier/dut</subfield>
    </datafield>
    <datafield tag="758" ind1=" " ind2=" ">
      <subfield code="a">Francisci Burmanni ... Narratio De Controversiis nuperius in Academia Ultrajectina motis, et Depulsio eorum, quae contra objecta fuerunt (Text)</subfield>
      <subfield code="1">https://id.oclc.org/worldcat/entity/E39PCFQVrvbPtyJCYCPr69FPDC</subfield>
      <subfield code="4">https://id.oclc.org/worldcat/ontology/hasWork</subfield>
    </datafield>
    <datafield tag="776" ind1="0" ind2=" ">
      <subfield code="t">Francisci Burmanni Narratio de controversiis nuperius in Academia Ultrajectina motis et depulsio eorum, quae contra objecta fuerunt</subfield>
      <subfield code="w">(NL-LeOCL)425981924</subfield>
    </datafield>
    <datafield tag="936" ind1=" " ind2=" ">
      <subfield code="a">BATCHLOAD</subfield>
    </datafield>
  </record>